| 000 | 00744pam a2200217 a 4500 | ||
|---|---|---|---|
| 001 | 1125899 | ||
| 005 | 20250627130428.0 | ||
| 008 | 940802s1995 mnua b 001 0 eng | ||
| 020 | _a0800626648 (alk. paper) | ||
| 050 | 0 | 0 |
_aBS1199.L28 _bH33 1995 |
| 082 | 0 | 0 |
_a221.6 _220 |
| 100 | 1 | _aHabel, Norman C. | |
| 245 | 1 | 4 |
_aThe land is mine : _bsix biblical land ideologies / _cNorman C. Habel ; foreword by Walter Brueggemann. |
| 260 |
_aMinneapolis : _bFortress Press, _cc1995. |
||
| 300 |
_axiii, 190 p. : _bill. ; _c22 cm. |
||
| 440 | 0 | _aOvertures to biblical theology | |
| 650 | 0 |
_aLand tenure _xBiblical teaching. |
|
| 650 | 0 |
_aLand use _xBiblical teaching. |
|
| 650 | 0 |
_aJews _xHistory _yBabylonian captivity, 598-515 B.C. |
|
| 942 |
_2lcc _cBK _n0 |
||
| 999 |
_c6736 _d6736 |
||